[Event "ch-Antalya 2011"]
[Site "Antalya TUR"]
[Date "2011.01.09"]
[Round "3.5"]
[White "Durmaz,A"]
[Black "Unal,Onur"]
[Result "1/2-1/2"]
[WhiteElo "1832"]
[BlackElo "1742"]

1.c4 e6 2.Nf3 d5 3.cxd5 exd5 4.d4 Nf6 5.e3 c6 6.Bd3 Bg4 7.O-O Bd6 8.h3 Bh5
9.Nbd2 O-O 10.Rb1 Re8 11.b4 Ne4 12.Qc2 Bg6 13.b5 Qc7 14.Rb3 Nd7 15.Ba3 Rac8
16.Rfb1 Nb6 17.bxc6 Qxc6 18.Qxc6 bxc6 19.Bxe4 Bxe4 20.Bxd6 Bxb1 21.Rxb1 f6
22.Ne1 Kf7 23.Nd3 Ke6 24.Bc5 Rb8 25.Nb4 Kd7 26.Na6 Rb7 27.Ba3 Kc8 28.Rc1 Rf7
29.Rxc6+ Kb7 30.Nb4 a5 31.Rxb6+ Kxb6 32.Nxd5+ Ka6 33.Nc4 Rd8 34.Nc3 Rc8 35.Bc5 Rfc7
36.Nd6 Rb8  1/2-1/2

[Event "XX Keres Mem Rapid"]
[Site "Tallinn EST"]
[Date "2011.01.09"]
[Round "4"]
[White "Ehlvest,J"]
[Black "Kovaljov,D"]
[Result "1-0"]
[WhiteElo "2586"]
[BlackElo "2274"]

1.c4 e6 2.Nf3 d5 3.g3 Nf6 4.Bg2 Be7 5.O-O O-O 6.d4 c5 7.cxd5 exd5 8.Nc3 c4
9.b3 cxb3 10.Qxb3 Nc6 11.Bg5 Na5 12.Qb5 a6 13.Qd3 b5 14.Bxf6 Bxf6 15.Nxd5 Be6
16.Nxf6+ Qxf6 17.d5 Bg4 18.Nd4 Nc4 19.Nc6 Rfe8 20.e4 Bd7 21.Nd4 Rac8 22.Nb3 b4
23.Qd4 Qg6 24.Rac1 Bb5 25.Rfd1 a5 26.d6 a4 27.d7 Bxd7 28.Qxd7 axb3 29.Rxc4 Ra8
30.axb3  1-0

[Event "9th Parsvnath Open"]
[Site "New Delhi IND"]
[Date "2011.01.10"]
[Round "5.40"]
[White "Koshy,V"]
[Black "Yogesh,Ga"]
[Result "1-0"]
[WhiteElo "2309"]
[BlackElo "2028"]

1.c4 e6 2.Nf3 d5 3.g3 Nf6 4.Bg2 Be7 5.b3 c5 6.e3 Nc6 7.O-O d4 8.exd4 cxd4
9.Re1 d3 10.Ba3 Nd4 11.Bxe7 Ne2+ 12.Qxe2 Kxe7 13.Qe3  1-0

[Event "ch-CRO"]
[Site "Marija Bistrica CRO"]
[Date "2011.01.22"]
[Round "6.2"]
[White "Dizdar,G"]
[Black "Sulava,N"]
[Result "0-1"]
[WhiteElo "2544"]
[BlackElo "2565"]

1.Nf3 e6 2.c4 d5 3.d4 Nf6 4.e3 a6 5.b3 c5 6.Bb2 Nc6 7.Bd3 cxd4 8.exd4 Ne4
9.O-O f5 10.Nc3 Be7 11.Na4 O-O 12.c5 Bd7 13.Nb6 Rb8 14.a3 Be8 15.b4 Bh5 16.Be2 Bf6
17.Re1 Qc7 18.Ne5 Bxe2 19.Rxe2 Bxe5 20.dxe5 Rbd8 21.f3 Ng5 22.h4 Nf7 23.f4 h6
24.g3 g5 25.hxg5 hxg5 26.Rh2 Kg7 27.Rc1 Ne7 28.Qf3 Rh8 29.Rcc2 Rdg8 30.Rxh8 Nxh8
31.Rh2 Qc6 32.Kf2 Nf7 33.Qh1 Rh8 34.Rxh8 Nxh8 35.Bd4 Nf7 36.a4 Ng6 37.Kf3 Qe8
38.Qh5 gxf4 39.gxf4 Nh6 40.Ke3 Ng4+ 41.Kd2 Qd8 42.Qh1 Nxf4 43.b5 axb5 44.axb5 Qe8
45.Qf1 Ng6 46.Kc3 f4 47.Kb4 Nh6 48.Qc1 Nf5 49.Bb2 Nfe7 50.Bd4 Nf5 51.Bb2 f3
52.c6 bxc6 53.bxc6 Nfe7 54.c7 Qf8 55.Kb3 f2 56.Qf1 Qf3+  0-1

[Event "Belgrade Individual 2011"]
[Site "Belgrade SRB"]
[Date "2011.01.24"]
[Round "3.3"]
[White "Spiric,I"]
[Black "Certic,B"]
[Result "0-1"]
[WhiteElo "2280"]
[BlackElo "2399"]

1.Nf3 e6 2.c4 d5 3.g3 Nd7 4.b3 a5 5.Nc3 Ngf6 6.Bg2 Be7 7.O-O O-O 8.d4 c6
9.Qc2 Qb6 10.Bb2 Qa6 11.Nd2 b5 12.e4 bxc4 13.bxc4 Nb6 14.e5 Nfd7 15.c5 Nc4
16.Nxc4 Qxc4 17.Rfd1 Qa6 18.Na4 Qa7 19.Bf1 Ba6 20.Bd3 h6 21.Ba3 Rfb8 22.Rab1 Bb5
23.Nc3 Bxd3 24.Qxd3 a4 25.Rxb8+ Rxb8 26.Rb1 Rxb1+ 27.Qxb1 f6 28.exf6 Bxf6
29.Qb4 e5 30.dxe5 Nxe5 31.Qxa4 Qd7 32.Kg2 Qf5 33.Qf4 Qd3 34.Bb4 Qc2 35.Qe3 d4
36.Qxd4 Nd3 37.Qe3 Nxb4 38.Ne4 Nd5 39.Nxf6+ Nxf6 40.Qe6+ Kh7 41.Qxc6 Qxa2
42.Qf3 Qc2 43.c6 Kg8 44.g4 Qc4 45.h4 Nd5 46.Kg3 Qxc6 47.Qe4 Qd6+ 48.Kg2 Nf4+
49.Kf3 Ng6 50.h5 Ne5+ 51.Kf4 Nc4+  0-1

[Event "TCh-CAT Div Hon"]
[Site "Barcelona ESP"]
[Date "2011.01.29"]
[Round "1"]
[White "Adel Lahchaichi,O"]
[Black "Obon Temprano,S"]
[Result "1-0"]
[WhiteElo "2262"]
[BlackElo "2264"]

1.c4 e6 2.Nf3 d5 3.b3 Nf6 4.g3 b6 5.Bg2 Bb7 6.O-O Be7 7.Bb2 O-O 8.d3 c5 9.Nbd2 Nbd7
10.Rc1 Rc8 11.Rc2 Ne8 12.cxd5 Bxd5 13.Qa1 Bf6 14.Rfc1 Bxb2 15.Qxb2 Nd6 16.b4 Qe7
17.bxc5 Rxc5 18.Rxc5 Nxc5 19.Ne5 Bxg2 20.Kxg2 Qb7+ 21.f3 Nd7 22.Qd4 Nxe5
23.Qxd6 Ng6 24.Qc7 Qa6 25.Rc2 h5 26.h4 Qa3 27.Nc4 Qa4 28.Nd6 Ne7 29.Qc4 Qd7
30.Qc7 Qa4 31.e4 Ng6 32.f4 Qd4 33.Rd2 a6 34.Nc4 b5 35.Na5 Rd8 36.Nc6 Qd7
37.Qxd8+  1-0

[Event "Moscow Open D University Women"]
[Site "Moscow RUS"]
[Date "2011.01.30"]
[Round "2.10"]
[White "Grebennikova,T"]
[Black "Selifonova,A"]
[Result "1/2-1/2"]
[WhiteElo "1981"]
[BlackElo "1843"]

1.c4 e6 2.Nf3 d5 3.b3 Nf6 4.Bb2 Be7 5.g3 O-O 6.Bg2 dxc4 7.bxc4 c5 8.O-O Nbd7
9.Nc3 Rb8 10.Nb5 a6 11.Na7 Qc7 12.Nxc8 Rfxc8 13.Qc2 Bd6 14.Rab1 b5 15.Rfc1 Ne5
16.cxb5 axb5 17.Ng5 h6 18.Ne4 Nxe4 19.Bxe4 Nc4 20.d3 Nxb2 21.Qxb2 Qa5 22.Qc2 Rc7
23.a4 b4 24.Qb3 Be5 25.Rc2 Ra7 26.Bc6 Rc7  1/2-1/2

[Event "33rd Bulgarian Open"]
[Site "Plovdiv BUL"]
[Date "2011.02.02"]
[Round "5.17"]
[White "Giretti Kanev,J"]
[Black "Nikolov,Sas"]
[Result "1/2-1/2"]
[WhiteElo "2185"]
[BlackElo "2440"]

1.c4 e6 2.Nf3 d5 3.e3 Nf6 4.Nc3 Be7 5.Be2 O-O 6.O-O dxc4 7.Bxc4 a6 8.d4 b5
9.Bd3 Bb7 10.a3 c5 11.dxc5 Bxc5 12.b4 Bd6 13.Bb2 Qe7 14.Rc1 Nbd7 15.Qe2 Nb6
16.e4 Bf4 17.Rc2 Rac8 18.g3 Bb8 19.h3 Nfd7 20.Kh2 Nc4 21.Bc1 Nde5 22.Nxe5 Nxe5
23.Rd1 h5 24.Qxh5 Nxd3 25.Rxd3 Rc4 26.Re2 Rfc8 27.Bd2 g6 28.Qg4 Kg7 29.f3 f5
30.Qg5 Qxg5 31.Bxg5 Rxc3 32.Rd7+ Kg8 33.Rxb7 Rxf3 34.exf5 Rxf5 35.h4 Be5
36.Kg2 Rc3 37.Bf4 Bxf4 38.gxf4 Rc6 39.Kg3 Rf7 40.Rxf7 Kxf7 41.Re3 Kf6 42.Kg4 Rc1
43.Rd3 Rg1+ 44.Rg3 Rc1 45.Rd3 Ke7 46.Kf3 Rc4 47.Kg3 Kf6 48.Kg4 e5 49.Rd6+ Kf7
50.Rxa6 Rxf4+ 51.Kg3 Rd4 52.Rb6 Rd3+ 53.Kg4 Rxa3 54.Rxb5 Ke6 55.Rb6+ Kd5
56.Rxg6 Ra2 57.h5 e4 58.Kf4 Rf2+ 59.Ke3 Rf3+ 60.Ke2 Rh3 61.h6 Rh2+ 62.Ke3 Rh3+
63.Ke2 Kd4 64.b5 Rh2+ 65.Kf1 e3 66.b6 Rh1+ 67.Ke2 Rh2+ 68.Kf1 Rh1+ 69.Ke2 Rh2+  1/2-1/2

[Event "1st Open"]
[Site "Cento ITA"]
[Date "2011.02.12"]
[Round "9"]
[White "Scalcione,M"]
[Black "Bruno,Fabi"]
[Result "1/2-1/2"]
[WhiteElo "2344"]
[BlackElo "2436"]

1.Nf3 e6 2.c4 d5 3.d4 c6 4.Qc2 Nf6 5.Bg5 dxc4 6.Qxc4 b5 7.Qc2 Bb7 8.Nbd2 Nbd7
9.e3 Qb6 10.Be2 a6 11.O-O Be7 12.Bxf6 gxf6 13.a4 O-O 14.Qe4 Kh8 15.Qh4 Rg8
16.Bd3 Rg7 17.axb5 cxb5 18.Be4 Re8 19.Bxb7 f5 20.Qh3 Qxb7 21.Ne1 Bb4 22.Qf3 Qb6
23.Nb3 Nf6 24.Nd3 Nd5 25.Rfc1 f6 26.Nbc5 a5 27.g3 a4 28.Rc2 Bxc5 29.Rxc5 Rc7
30.Rac1 Rec8 31.Qh5 Kg7 32.Rxc7+ Rxc7 33.Qe8 Re7 34.Qc8 Qb7 35.Qd8 Qb6 36.Qc8 Qb7  1/2-1/2

[Event "ch-Poltava"]
[Site "Lubny UKR"]
[Date "2011.02.19"]
[Round "1"]
[White "Solovchuk,A"]
[Black "Shalimov,V UKR"]
[Result "1/2-1/2"]
[WhiteElo "2308"]
[BlackElo "2415"]

1.c4 e6 2.Nf3 d5 3.e3 Nf6 4.b3 Bd6 5.Bb2 O-O 6.Be2 b6 7.Nc3 Bb7 8.Rc1 a6
9.cxd5 exd5 10.O-O Nbd7 11.Rc2 Re8 12.Qa1 b5 13.a4 c5 14.axb5 d4 15.exd4 Ng4
16.h3 Rxe2 17.Nxe2 Bxf3 18.gxf3 Nh2 19.Kg2 Nxf3 20.Kxf3 Qf6+ 21.Kg2 Qg6+
22.Ng3 Bxg3 23.Qd1 Be5+ 24.Kh1 Qe4+ 25.f3 Qf5 26.dxe5 Qxh3+  1/2-1/2

[Event "Legends Match"]
[Site "Cannes FRA"]
[Date "2011.02.24"]
[Round "2"]
[White "Korchnoi,V"]
[Black "Vaisser,A"]
[Result "1/2-1/2"]
[WhiteElo "2544"]
[BlackElo "2522"]

1.c4 e6 2.Nf3 d5 3.d4 Nf6 4.Bg5 Be7 5.e3 Ne4 6.Bxe7 Qxe7 7.Bd3 Qb4+ 8.Nbd2 Nxd2
9.Qxd2 Qxd2+ 10.Kxd2 c6 11.e4 dxe4 12.Bxe4 Nd7 13.Rhe1 Ke7 14.b4 Rd8 15.Kc3 a5
16.a3 Nf6 17.Bc2 b6 18.Ne5 Bb7 19.g4 h6 20.f4 b5 21.bxa5 Rxa5 22.g5 hxg5
23.fxg5 Nd7 24.c5 Nxe5 25.Rxe5 Rh8 26.Re2 b4+ 27.Kxb4 Rb5+ 28.Kc3 Rh3+ 29.Kd2 Ba6
30.Rf2 Rb8 31.a4 Rb4 32.Rb1 Rxd4+ 33.Kc1 Rc3 34.Rb6 Bd3 35.Rb7+ Ke8 36.Rb8+ Ke7  1/2-1/2

[Event "85th YMCA Masters"]
[Site "Warsaw POL"]
[Date "2011.02.24"]
[Round "9"]
[White "Nguyen,P"]
[Black "Lewandowski,Ra"]
[Result "1-0"]
[WhiteElo "2394"]
[BlackElo "2200"]

1.Nf3 e6 2.c4 d5 3.d4 c5 4.cxd5 exd5 5.g3 Nf6 6.Bg2 Nc6 7.O-O Be7 8.Nc3 O-O
9.dxc5 Bxc5 10.Bg5 d4 11.Bxf6 Qxf6 12.Ne4 Qe7 13.Nxc5 Qxc5 14.Qb3 Qb6 15.Qxb6 axb6
16.Rfd1 Rd8 17.a3 Be6 18.Rd2 Ra4 19.Ng5 Bb3 20.Be4 h6 21.Nf3 Rc4 22.Ne1 Kf8
23.Bc2 Na5 24.Kg2 Bxc2 25.Rxc2 Rxc2 26.Nxc2 d3 27.exd3 Rxd3 28.Ne3 Rb3 29.Rd1 Rxb2
30.Nf5 Re2 31.Rd8+ Re8 32.Rxe8+ Kxe8 33.Nxg7+ Kf8 34.Nf5 Nc4 35.Kf3 h5 36.Ke4 b5
37.Kd3 Nxa3 38.Kc3 Nc4 39.h4 Ne5 40.Kd4 b4 41.Ne3 b3 42.Nd1 Ng4 43.Kc3 Ke7
44.Kxb3 Ke6 45.Kc4 Ke5 46.Kd3 Kf5 47.Kd4 f6 48.f3 Ne5 49.Ne3+ Ke6 50.Ke4 Nf7
51.Nc2 Nd6+ 52.Kf4 Kf7 53.Nb4 Ke6 54.g4 hxg4 55.fxg4 f5 56.g5 b5 57.h5 Nc4
58.Nc2 Nd6 59.Nd4+ Kd5 60.g6 Ne8 61.h6  1-0

[Event "31st TCh-IND 2011"]
[Site "Kochi IND"]
[Date "2011.02.25"]
[Round "6"]
[White "Bakre,T"]
[Black "Sriram,J"]
[Result "1/2-1/2"]
[WhiteElo "2530"]
[BlackElo "2465"]

1.c4 e6 2.Nf3 d5 3.d4 Nf6 4.Bg5 h6 5.Bxf6 Qxf6 6.Nc3 c6 7.Qb3 Nd7 8.e4 dxe4
9.Nxe4 Qf4 10.Bd3 Be7 11.O-O O-O 12.Rfe1 b6 13.Bc2 Rd8 14.Qd3 g6 15.Ng3 Bf6
16.Re4 Qc7 17.Qe3 Bg7 18.Rh4 e5 19.Re1 exd4 20.Nxd4 Nf6 21.Nf3 Ng4 22.Qe2 Nf6
23.Qe3 Ng4 24.Qe2 Nf6 25.Qe3 Ng4  1/2-1/2

[Event "61st ch-RUS w 1st League"]
[Site "Ivanovo RUS"]
[Date "2011.03.01"]
[Round "9"]
[White "Goryachkina,A"]
[Black "Bezgodova,S"]
[Result "1/2-1/2"]
[WhiteElo "2045"]
[BlackElo "2195"]

1.c4 e6 2.Nf3 d5 3.g3 c5 4.cxd5 exd5 5.d4 Nc6 6.Bg2 Nf6 7.O-O Be7 8.Nc3 O-O
9.Bg5 cxd4 10.Nxd4 Be6 11.Nxe6 fxe6 12.Bh3 Kh8 13.Bxe6 d4 14.Nb1 h6 15.Bxf6 Bxf6
16.Nd2 d3 17.exd3 Qe7 18.Bg4 Bxb2 19.Rb1 Bd4 20.Kg2 Rad8 21.Qe2 Qxe2 22.Bxe2 b6
23.Ne4 Rf5 24.Rfc1 Nb8 25.Bd1 Na6 26.f4 Ra5 27.a4 Be3 28.Rc3 Rad5 29.Bb3 Rxd3
30.Rxd3 Rxd3 31.Bc4 Rd4 32.Bxa6 Rxe4 33.Bb5 Bc5 34.Rd1 g5 35.Kf3 Re7 36.Kg4 gxf4
37.gxf4 Kg7 38.Rd8 a5 39.Rd7 Rxd7 40.Bxd7 Kf6 41.h3 Be3 42.Kf3 Bc1  1/2-1/2

[Event "Saint Louis Invitational Playoff"]
[Site "Saint Louis USA"]
[Date "2011.03.09"]
[Round "1"]
[White "Ramirez,Alej"]
[Black "Robson,R"]
[Result "1/2-1/2"]
[WhiteElo "2594"]
[BlackElo "2522"]

1.c4 e6 2.Nf3 d5 3.b3 Nf6 4.g3 c5 5.Bg2 Nc6 6.O-O d4 7.e3 Bd6 8.exd4 cxd4
9.d3 O-O 10.Re1 Re8 11.Na3 e5 12.Nc2 a5 13.Bg5 Bd7 14.Nd2 h6 15.Bxf6 Qxf6
16.Ne4 Qg6 17.Nxd6 Qxd6 18.a3 Bf5 19.Be4 Bxe4 20.Rxe4 f5 21.Re1 e4 22.Qh5 Re5
23.f4 exf3 24.Qxf3 Rae8 25.Rxe5 Rxe5 26.Qf2 Qe6 27.Re1 Rxe1+ 28.Nxe1 f4 29.gxf4 Qg4+
30.Kf1 Qd1 31.Qe2 Qxb3 32.Qe8+ Kh7 33.f5 Qxa3 34.f6 gxf6 35.Qf7+ Kh8 36.Qxf6+ Kh7
37.Qf7+ Kh8 38.Qxb7 Qd6 39.Nf3 Qf6 40.Ke2 Qe6+ 41.Kd1 Qf6 42.Qa8+ Kg7 43.Qb7+ Kh8
44.Qc8+ Kg7 45.Qd7+ Kh8 46.Qc8+ Kg7 47.Qb7+ Kh8 48.Nd2 Qg6 49.Qc8+ Kg7 50.Qd7+ Kh8
51.Qc8+  1/2-1/2

[Event "Frauenbundesliga 1st Div 2010-11"]
[Site "Germany GER"]
[Date "2011.03.13"]
[Round "11.3"]
[White "Pfau,B"]
[Black "Kochetkova,J"]
[Result "0-1"]
[WhiteElo "2106"]
[BlackElo "2311"]

1.c4 e6 2.Nf3 d5 3.g3 Nf6 4.Bg2 dxc4 5.Qa4+ c6 6.Qxc4 b5 7.Qc2 Bb7 8.d4 Nbd7
9.Nc3 Rc8 10.O-O a6 11.Nd2 Qb6 12.Nb3 c5 13.Qd1 Bxg2 14.Kxg2 c4 15.Nd2 Qxd4
16.Nf3 Qb6 17.Be3 Bc5 18.Bxc5 Nxc5 19.Qc2 O-O 20.Rad1 b4 21.Na4 Nxa4 22.Qxa4 h6
23.Rd4 Rfd8 24.Rfd1 Rxd4 25.Rxd4 Nd5 26.Qc2 c3 27.b3 Nf6 28.Rd1 Ng4 29.e4 Nf6
30.e5 Nd5 31.Rc1 Rd8 32.Qe2 Qc6 33.Qe4 a5 34.Rc2 a4 35.bxa4 Qxa4 36.Nd4 Nf4+
37.gxf4 Rxd4 38.Qxd4 Qxc2 39.Qxb4 Qg6+ 40.Kf1 Qd3+ 41.Kg2 c2 42.Qb8+ Kh7
43.Qc7 Qd1  0-1

[Event "e2e4 Uxbridge Open"]
[Site "Denham ENG"]
[Date "2011.03.19"]
[Round "3"]
[White "Tserendorj,S"]
[Black "Longson,A"]
[Result "0-1"]
[WhiteElo "1942"]
[BlackElo "2231"]

1.c4 e6 2.Nf3 d5 3.d4 Nf6 4.g3 Bb4+ 5.Bd2 Be7 6.Bg2 c6 7.O-O O-O 8.Bg5 Nbd7
9.Nbd2 b6 10.Ne5 Nxe5 11.dxe5 Nd7 12.Bxe7 Qxe7 13.cxd5 exd5 14.f4 Bb7 15.Rc1 f6
16.exf6 Nxf6 17.Bf3 c5 18.Qb3 Kh8 19.e3 Rad8 20.Rfe1 Rfe8 21.h3 Rd6 22.g4 h6
23.Bg2 Re6 24.Nf1 d4 25.Bxb7 Qxb7 26.Rxc5 Qf3 27.Rc2 dxe3 28.f5 Re4 29.Rg2 Qxh3
30.Rg3 Rxg4 31.Rxe3 Rxe3 32.Qxe3 Ne4 33.Qxe4 Qxf1+ 34.Kxf1 Rxe4 35.Rf3 Kg8
36.Kf2 Kf7 37.Kg3 Kf6 38.Rd3 Kxf5 39.Rd7 g5 40.Rf7+ Kg6 41.Rxa7 h5 42.Rc7 h4+
43.Kf3 Rf4+ 44.Kg2 Kh5 45.Rb7 Rb4 46.b3 Kg4 47.Rc7 Rd4 48.Rc4 Rxc4 49.bxc4 Kf5
50.a4 Ke6  0-1

[Event "TCh-HUN 2010-11"]
[Site "Szombathely HUN"]
[Date "2011.03.27"]
[Round "7"]
[White "Plachetka,J"]
[Black "Kovacs,Ga2"]
[Result "0-1"]
[WhiteElo "2345"]
[BlackElo "2493"]

1.c4 e6 2.Nf3 d5 3.g3 Nf6 4.Bg2 Be7 5.O-O O-O 6.b3 b6 7.Bb2 Bb7 8.d4 Nbd7
9.cxd5 Nxd5 10.Nbd2 Rc8 11.a3 N5f6 12.b4 c5 13.dxc5 bxc5 14.b5 c4 15.Rc1 Nb6
16.Nd4 Bxg2 17.Kxg2 c3 18.Rxc3 Qxd4 19.Rxc8 Qxb2 20.Rxf8+ Bxf8 21.a4 Qb4
22.Nf3 Nxa4 23.Qd3 Nc5 24.Qb1 Qc4 25.Qb2 Qd5 26.Ra1 Qb7 27.Kg1 h6 28.Nd4 Nce4
29.Nc6 Bc5 30.e3 Bb6 31.Qb4 Qd7 32.Kg2 Bc5 33.Qb3 Qd2 34.Ra2 Qd7 35.Qc4 Bb6
36.Nd4 Qd5 37.Qxd5 Nxd5 38.Rc2 Bxd4 39.Rc8+ Kh7 40.exd4 Nd6 41.Rb8 Nb6 42.h4 Kg6
43.f3 Nxb5 44.Rb7 Nxd4 45.Rxa7 Nd5 46.Rb7 h5 47.Kf2 Kf6 48.Ra7 Ne7 49.Rb7 Nec6
50.Ke3 Nf5+ 51.Kf2 Ne5  0-1

[Event "Karposh Open"]
[Site "Skopje MKD"]
[Date "2011.04.06"]
[Round "6"]
[White "Damljanovic,B"]
[Black "Blagojevic,Dr"]
[Result "1-0"]
[WhiteElo "2555"]
[BlackElo "2524"]

1.c4 e6 2.Nf3 d5 3.b3 Be7 4.Bb2 Bf6 5.Qc2 Bxb2 6.Qxb2 Nf6 7.g3 O-O 8.Bg2 b6
9.O-O Bb7 10.cxd5 Nxd5 11.b4 Qe7 12.a3 Nd7 13.d4 Rab8 14.b5 a6 15.e4 N5f6
16.bxa6 Bxa6 17.Re1 c5 18.d5 exd5 19.exd5 Qd6 20.Nc3 b5 21.Nd2 Qb6 22.Qc2 c4
23.Rab1 Qa5 24.Nde4 Rb6 25.Qb2 Bb7 26.Nxf6+ Nxf6 27.Qb4 Qa8 28.Red1 Rd8 29.Qc5 Qa5
30.a4 Nd7 31.Qc7 Rc8 32.Qxd7 Qxc3 33.Rxb5 Qc2 34.Re1  1-0

[Event "Branko Vukmanovic Mem Open"]
[Site "Tivat MNE"]
[Date "2011.04.16"]
[Round "1.6"]
[White "Scekic,V"]
[Black "Miron,L"]
[Result "0-1"]
[WhiteElo "2150"]
[BlackElo "2501"]

1.c4 e6 2.Nf3 d5 3.g3 dxc4 4.Qa4+ c6 5.Qxc4 b5 6.Qc2 Bb7 7.Bg2 Nf6 8.d4 Nbd7
9.O-O c5 10.dxc5 Bxc5 11.Qb3 a6 12.Nc3 O-O 13.a3 Qb6 14.h3 Rac8 15.Bd2 Qa7
16.Rad1 h6 17.Qa2 Rfd8 18.g4 Nb6 19.g5 hxg5 20.Bxg5 Rxd1 21.Nxd1 Ne4 22.Be3 Nc4
23.Bf4 Bd5 24.Qb1 Qe7 25.b4 Nxa3 26.Qd3 Bxb4 27.Ne3 Bb7 28.Nd4 Nc5 29.Qd1 Bxg2
30.Kxg2 Qf6 31.Bd6 Bc3 32.Nf3 b4 33.Ng4 Qd8 34.Rg1 Ne4 35.Nh6+ gxh6 36.Kh1+ Kh8  0-1

[Event "Branko Vukmanovic Mem Open"]
[Site "Tivat MNE"]
[Date "2011.04.17"]
[Round "2.2"]
[White "Damljanovic,B"]
[Black "Bellia,F"]
[Result "1-0"]
[WhiteElo "2555"]
[BlackElo "2421"]

1.c4 e6 2.Nf3 d5 3.b3 Nf6 4.g3 c5 5.Bg2 d4 6.e3 Nc6 7.exd4 cxd4 8.O-O Bd6
9.d3 O-O 10.a3 a5 11.Bg5 h6 12.Bxf6 Qxf6 13.Nbd2 Qe7 14.Qc1 e5 15.Re1 Be6
16.c5 Bxc5 17.Nxe5 Nxe5 18.Rxe5 Rac8 19.Qb2 Qc7 20.Rxe6 fxe6 21.Bh3 Kh8 22.Re1 Rce8
23.b4 axb4 24.axb4 Qb6 25.Rb1 Bd6 26.Nc4 Qd8 27.b5 e5 28.Bg2 Re7 29.b6 Ref7
30.Rf1 Bb8 31.Be4 g5 32.Qe2 Rf6 33.Bxb7 Rxb6 34.Nxb6 Qxb6 35.Be4 Bd6 36.Rc1 Qd8
37.Rc6 Rf6 38.Ra6 Bf8 39.Ra7 Qb6 40.Rh7+ Kg8 41.Qa2+ Re6 42.Bf5  1-0

[Event "Branko Vukmanovic Mem Open"]
[Site "Tivat MNE"]
[Date "2011.04.19"]
[Round "4.11"]
[White "Stanojevic,B"]
[Black "Bellia,F"]
[Result "1/2-1/2"]
[WhiteElo "2279"]
[BlackElo "2421"]

1.c4 e6 2.Nf3 d5 3.g3 Nf6 4.Bg2 Be7 5.O-O O-O 6.d4 dxc4 7.Qc2 a6 8.Qxc4 b5
9.Qc2 Bb7 10.Bg5 Nbd7 11.Bxf6 Nxf6 12.Nbd2 Rc8 13.Nb3 c5 14.dxc5 Be4 15.Qc3 Bd5
16.Nfd4 Bxg2 17.Kxg2 Bxc5 18.Rac1 Nd5 19.Qd2  1/2-1/2

[Event "Doeberl Cup Premier"]
[Site "Canberra AUS"]
[Date "2011.04.21"]
[Round "2.21"]
[White "Hu,J"]
[Black "Rout,I"]
[Result "0-1"]
[WhiteElo "2190"]
[BlackElo "1983"]

1.c4 e6 2.Nf3 d5 3.g3 Nf6 4.Bg2 c5 5.cxd5 Nxd5 6.O-O Nc6 7.d4 cxd4 8.Nxd4 Bd7
9.Nc3 Nxc3 10.bxc3 Be7 11.Rb1 Rb8 12.Bf4 e5 13.Nxc6 bxc6 14.Bxe5 Rxb1 15.Qxb1 O-O
16.Qb7 Qe8 17.Rd1 Bc5 18.Rxd7 Qxe5 19.Qxc6 Qxc3 20.Rc7 Qe1+ 21.Bf1 Qxf2+  0-1

[Event "34th Open"]
[Site "Donostia ESP"]
[Date "2011.04.21"]
[Round "7"]
[White "Bottema,M"]
[Black "Fernandez Garcia,Ja"]
[Result "1/2-1/2"]
[WhiteElo "2074"]
[BlackElo "1976"]

1.c4 e6 2.Nf3 d5 3.d4 c6 4.Qc2 Nf6 5.g3 Bd6 6.Bg2 Nbd7 7.O-O dxc4 8.Qxc4 e5
9.Rd1 Qc7 10.Nc3 O-O 11.dxe5 Nxe5 12.Qd4 Nxf3+ 13.Bxf3 Be7 14.Bf4 Qb6 15.Na4 Qxd4
16.Rxd4 Be6 17.Nc3 Rfd8 18.Rad1  1/2-1/2

[Event "Branko Vukmanovic Mem Open"]
[Site "Tivat MNE"]
[Date "2011.04.22"]
[Round "7.2"]
[White "Stanojoski,Z"]
[Black "Kosic,D"]
[Result "1-0"]
[WhiteElo "2480"]
[BlackElo "2466"]

1.c4 e6 2.Nf3 d5 3.b3 Be7 4.Bb2 Bf6 5.Nc3 Ne7 6.d4 Ng6 7.e4 dxe4 8.Nxe4 Be7
9.Be2 Nd7 10.O-O O-O 11.Qc1 Nf6 12.Nxf6+ Bxf6 13.Rd1 b6 14.c5 bxc5 15.dxc5 Bxb2
16.Qxb2 Qe7 17.Ne5 Qxc5 18.Bf3 Rb8 19.Nxg6 hxg6 20.Rac1 Qa5 21.Qd2 Rb5 22.Bc6 Qxd2
23.Rxd2 Re5 24.f4 Ra5 25.a4 Ra6 26.Bb5 Rd6 27.Rxd6 cxd6 28.Rc7 a6 29.Bc4 d5
30.Bd3 d4 31.Ra7 e5 32.fxe5 Be6 33.Rxa6 Bxb3 34.a5 Re8 35.Rb6 Bd5 36.Rb5 Be6
37.a6 Ra8 38.Ra5 Ra7 39.Ra4 Bf5 40.Bxf5 gxf5 41.Kf2 Kf8 42.Ke2 Ke7 43.Kd3 Kd7
44.Kxd4 Kc6 45.Ke3 g5 46.h4  1-0

[Event "Branko Vukmanovic Mem Open"]
[Site "Tivat MNE"]
[Date "2011.04.22"]
[Round "7.8"]
[White "Cvetkovic,Sr"]
[Black "Abramovic,B"]
[Result "1/2-1/2"]
[WhiteElo "2408"]
[BlackElo "2476"]

1.c4 e6 2.Nf3 d5 3.d4 Nf6 4.Nc3 Be7 5.Bg5 h6 6.Bh4 O-O 7.e3 b6 8.Rc1 Bb7
9.cxd5 Nxd5 10.Bxe7 Qxe7 11.Be2 Rc8 12.O-O c5 13.dxc5 Rxc5 14.Nxd5 Bxd5 15.Rxc5 Qxc5
16.Qa4 Bc6 17.Qd4 Nd7 18.Qxc5 Nxc5 19.Rc1 a5 20.a3 a4 21.Nd4 Bd5 22.Bc4 Rd8
23.Bxd5 Rxd5 24.Kf1 e5 25.Nf3 Nb3 26.Rc2 e4 27.Nd4 Nxd4 28.exd4 Rxd4 29.Ke2 Rd3
30.f3 Rb3 31.fxe4 b5 32.Kd2 Kh7 33.Kc1 b4 34.axb4 Rxb4 35.Re2 Kg6 36.Kc2 Kf6
37.Kc3 Rb3+ 38.Kd4 Ke6 39.Rc2 Rb4+ 40.Ke3 Rb3+ 41.Kd4  1/2-1/2

[Event "Doeberl Cup Premier"]
[Site "Canberra AUS"]
[Date "2011.04.24"]
[Round "8.10"]
[White "McNamara,G"]
[Black "Solomon,SJ"]
[Result "1-0"]
[WhiteElo "2150"]
[BlackElo "2398"]

1.c4 e6 2.Nf3 d5 3.e3 c5 4.d4 Nc6 5.Nc3 Nf6 6.a3 a6 7.dxc5 Bxc5 8.b4 Bd6
9.Bb2 O-O 10.Rc1 h6 11.g4 dxc4 12.Rg1 b5 13.g5 hxg5 14.Rxg5 e5 15.Bg2 Ra7
16.h4 Re8 17.Kf1 Qe7 18.Qe2 Rd7 19.Kg1 Rdd8 20.Kh1 Nh7 21.Rg3 Bf5 22.Rg1 Bd3
23.Qd1 Qf6 24.Ng5 Bf8 25.Qh5 Bg6 26.Nxh7 Bxh7 27.Ne4 Qe6 28.Ng5 Bg6 29.Nxe6 Bxh5
30.Nxg7 Bxg7 31.Bxc6 Re6 32.Rxg7+ Kf8 33.Rg8+ Ke7 34.Rxd8 Rxc6 35.Rh8 Bf3+
36.Kh2 c3 37.Bc1 c2 38.Bb2 Be4 39.Rh5 f6 40.f4 Rd6 41.fxe5 Rd2+ 42.Kh3 Rd1
43.exf6+ Kd6 44.Rg4 Bf3 45.Rf5 Bxg4+ 46.Kxg4 Ke6 47.Rc5 Rg1+ 48.Kf3  1-0

[Event "ch-RUS Rapid"]
[Site "Olginka RUS"]
[Date "2011.04.25"]
[Round "3"]
[White "Andreikin,D"]
[Black "Popov,Val"]
[Result "1-0"]
[WhiteElo "2686"]
[BlackElo "2565"]

1.c4 e6 2.Nf3 d5 3.g3 dxc4 4.Bg2 a6 5.O-O c6 6.Qc2 b5 7.Rd1 Bb7 8.d3 cxd3
9.Rxd3 Qc8 10.Ng5 Nf6 11.Nc3 Nbd7 12.Bf4 Be7 13.Rad1 Nc5 14.R3d2 h6 15.Nge4 Ncxe4
16.Nxe4 c5 17.Rd8+  1-0

[Event "ch-RUS Rapid"]
[Site "Olginka RUS"]
[Date "2011.04.25"]
[Round "4"]
[White "Vitiugov,N"]
[Black "Frolyanov,D"]
[Result "1-0"]
[WhiteElo "2720"]
[BlackElo "2610"]

1.c4 e6 2.Nf3 d5 3.b3 Nf6 4.g3 Be7 5.Bg2 O-O 6.O-O c5 7.e3 Nc6 8.Bb2 b6 9.Nc3 Bb7
10.cxd5 exd5 11.d4 Re8 12.Rc1 Bf8 13.Ne2 Ne4 14.Nf4 Ba6 15.Re1 c4 16.bxc4 Bxc4
17.a3 Rc8 18.Ne5 Nxe5 19.dxe5 b5 20.Qg4 Rc6 21.Red1 Qc8 22.Bh3 Qxg4 23.Bxg4 Nc5
24.Nxd5 Na4 25.Bd7 Nxb2 26.Bxe8 Re6 27.Nc7 Re7 28.Rd7 Rxe5 29.Rd8 g6 30.Bxb5 Rc5
31.Bxc4 Rxc7 32.Rb1 Nxc4 33.Rbb8 Nxa3 34.Rxf8+ Kg7 35.Rfc8  1-0

[Event "7th WSCC U17 Open"]
[Site "Krakow POL"]
[Date "2011.04.30"]
[Round "1.1"]
[White "Topak,E"]
[Black "Sleczka,B"]
[Result "1-0"]
[WhiteElo "2308"]
[BlackElo "1895"]

1.c4 e6 2.Nf3 d5 3.e3 Nf6 4.Nc3 Be7 5.d4 O-O 6.Qc2 c6 7.Bd2 Nbd7 8.Bd3 h6
9.O-O b6 10.Rac1 Bb7 11.cxd5 Nxd5 12.Nxd5 exd5 13.b4 c5 14.bxc5 bxc5 15.Rb1 Bc6
16.dxc5 Nxc5 17.Bb4 Ba4 18.Qc3 Nxd3 19.Qxd3 Re8 20.Bxe7 Rxe7 21.Nd4 Rc7 22.Rb4 Qe8
23.Nf5 Qc6 24.Qd4 Qf6 25.Qxf6 gxf6 26.Rxa4  1-0

[Event "TCh-HUN 2010-11"]
[Site "Budapest HUN"]
[Date "2011.05.01"]
[Round "10"]
[White "Fodor,T jr"]
[Black "Boguszlavszkij,J"]
[Result "1-0"]
[WhiteElo "2451"]
[BlackElo "2235"]

1.c4 e6 2.Nf3 d5 3.g3 c6 4.b3 Nf6 5.Bb2 Nbd7 6.Bg2 Bd6 7.O-O O-O 8.d3 b6
9.Re1 e5 10.cxd5 cxd5 11.Nc3 Bb7 12.Rc1 Rc8 13.Qd2 a6 14.Nh4 Re8 15.d4 e4
16.Nf5 Bf8 17.Bh3 b5 18.Qf4 Qb6 19.Red1 Rcd8 20.Nb1 g6 21.Nh6+ Kg7 22.Nd2 Be7
23.Qg5 Kf8 24.Qe3 Kg7 25.a3 Nf8 26.b4 Bc8 27.Bxc8 Rxc8 28.Nb3 Qe6 29.Kg2 N6d7
30.Rxc8 Rxc8 31.Nc5 Qf6 32.Ng4 Qg5 33.Qxg5 Bxg5 34.h4 Be7 35.Ne3 Nb6 36.Nxa6 Ne6
37.Nc5 Bf6 38.Rd2 Kf8 39.Rc2 Re8 40.Nxe6+ Rxe6 41.Rc5 Na4 42.Rc8+ Kg7 43.Bc1 Rd6
44.Ng4 Rd8 45.Bh6+ Kh8 46.Rc7 Bxd4 47.Rxf7 Kg8 48.Rb7 Nc3 49.e3 Bh8 50.Bg5 Ra8
51.Nh6+ Kf8 52.Rf7+  1-0

[Event "ch-Euro Indiv Women"]
[Site "Tbilisi GEO"]
[Date "2011.05.07"]
[Round "1"]
[White "Guramishvili,S"]
[Black "Trapaidze,L"]
[Result "1-0"]
[WhiteElo "2299"]
[BlackElo "1744"]

1.c4 e6 2.Nf3 d5 3.g3 c6 4.Bg2 Nf6 5.O-O Nbd7 6.d4 Bd6 7.Qc2 O-O 8.Nbd2 Re8
9.Rd1 Qe7 10.e3 Bc7 11.b3 dxc4 12.Nxc4 Rd8 13.Ba3 Qe8 14.e4 Nb6 15.Rac1 Nfd7
16.e5 Nxc4 17.bxc4 Ba5 18.Bd6 Nf8 19.Ng5 g6 20.Ne4 Nd7 21.Qa4 b6 22.Bc7 Ba6
23.Nd6 Qe7 24.Bxd8 Rxd8 25.Bxc6  1-0

[Event "13th Salou Open"]
[Site "Salou ESP"]
[Date "2011.05.10"]
[Round "8"]
[White "Rivas Pastor,M"]
[Black "Peralta,Fe"]
[Result "1/2-1/2"]
[WhiteElo "2533"]
[BlackElo "2608"]

1.c4 e6 2.Nf3 d5 3.b3 c5 4.g3 Nc6 5.Bg2 d4 6.d3 e5 7.e3 Nf6 8.exd4 exd4 9.O-O Be7
10.Na3 O-O 11.Nc2 h6 12.a3 a5 13.Re1 Bd6 14.Rb1 Bg4 15.h3  1/2-1/2